| 000 | 00976 a2200301 4500 | ||
|---|---|---|---|
| 003 | Nust | ||
| 005 | 20170207154043.0 | ||
| 010 | _a 2009006590 | ||
| 020 | _a0-203-87258-4 (eb) | ||
| 020 | _a0-415-77762-3 (hbk.) | ||
| 020 | _a978-0-203-87258-1 (eb) | ||
| 020 | _a978-0-415-77762-9 (hbk.) | ||
| 035 | _a(OCoLC)244063620 | ||
| 035 | _a(OCoLC)ocn244063620 | ||
| 040 | _cNust | ||
| 082 | 0 | 0 | _a330.01 |
| 082 | 0 | 0 | _a330.071 |
| 245 | 0 | 4 |
_aThe handbook of pluralist economics education (E-BOOK) _cedited by Jack Reardon. |
| 260 |
_aLondon ; _aNew York : _bRoutledge, _c2009. |
||
| 300 |
_axv, 276 p. : _bill., maps ; _c24 cm. |
||
| 490 | 1 | _aRoutledge advances in heterodox economics | |
| 500 | _aIncludes bibliographical references and indexes. | ||
| 650 | 0 |
_aEconomics _xStudy and teaching. |
|
| 650 | 0 | _aPluralism. | |
| 651 | _aThe handbook of pluralist economics education (E-BOOK) | ||
| 700 | 1 | _aReardon, Jack. | |
| 830 | 0 | _aRoutledge advances in heterodox economics. | |
| 942 |
_2ddc _cBK |
||
| 999 |
_c192733 _d192733 |
||